Исм ва сифат дар забони тоҷикӣ (Запись № 9934371)

Подробности
000 -МАРКЕР
контрольное поле 01452nam0a2200301 4500
001 - ИДЕНТИФИКАТОР ЗАПИСИ
контрольное поле RU\NLR\BIBL_A\010452298
005 - ИДЕНТИФИКАТОР ВЕРСИИ
контрольное поле 20250614053952.0
021 ## - НОМЕР ГОСУДАРСТВЕННОЙ РЕГИСТРАЦИИ
Код страны российская федерация
Номер 2013-106116
Номер Листа государственной регистраци 7376
035 ## - ДРУГИЕ СИСТЕМНЫЕ НОМЕРА
Идентификатор записи (NLR Aleph) 010452298
100 ## - ДАННЫЕ ОБЩЕЙ ОБРАБОТКИ
Данные общей обработки 20140818d1954 |||y0rusy50 ca
101 0# - ЯЗЫК РЕСУРСА
Язык текста, звукозаписи и т.д. таджикский
102 ## - СТРАНА ПУБЛИКАЦИИ ИЛИ ПРОИЗВОДСТВА
Страна публикации российская федерация
105 ## - ПОЛЕ КОДИРОВАННЫХ ДАННЫХ: ТЕКСТОВЫЕ МАТЕРИАЛЫ, МОНОГРАФИЧЕСКИЕ
Кодированные данные о монографическом текстовом документе y||||||||||||
200 1# - ЗАГЛАВИЕ И СВЕДЕНИЯ ОБ ОТВЕТСТВЕННОСТИ
Основное заглавие Исм ва сифат дар забони тоҷикӣ
Параллельное заглавие Имена существительные и прилагательные в таджикском языке
Первые сведения об ответственности Ш. Н. Ниёзӣ
Последующие сведения об ответственности Акад. фанҳои РСС Тоҷикистон. Ин-ти забон ва адабиёт
210 ## - ПУБЛИКАЦИЯ, РАСПРОСТРАНЕНИЕ И ДР.
Место издания, распространения и т.д. Сталинобод
Имя издателя, распространителя и т. д. Нашр. Акад. фанҳои РСС Тоҷикистон
Дата издания, распространения и т.д. 1954
215 ## - ФИЗИЧЕСКАЯ ХАРАКТЕРИСТИКА
Специфическое обозначение материала и объем 47 саҳ.
Размеры 25
225 1# - СЕРИЯ
Основное заглавие серии Очеркҳо оид ба грамматикаи забони тоҷикӣ
Обозначение тома Ҷузъи 7
320 ## - ПРИМЕЧАНИЯ О НАЛИЧИИ В ДОКУМЕНТЕ БИБЛИОГРАФИИ / УКАЗАТЕЛЯ
Текст примечания Библиогр. в подстроч. примеч.
541 1# - ПЕРЕВОД ЗАГЛАВИЯ, СДЕЛАННЫЙ КАТАЛОГИЗАТОРОМ
Связь между полями z01790
Заглавие Имена существительные и прилагательные в таджикском языке
Язык заглавия русский
606 1# - НАИМЕНОВАНИЕ ТЕМЫ КАК ПРЕДМЕТ
Наименование темы Таджикский язык
Системный номер авторитетной/нормативной записи 1749179
Идентификатор авторитетной/нормативной записи RU\NLR\AUTH\661079077
686 1# - ИНДЕКСЫ ДРУГИХ КЛАССИФИКАЦИЙ
Индекс Ш152.312-212
700 #1 - ИМЯ ЛИЦА - ПЕРВИЧНАЯ ОТВЕТСТВЕННОСТЬ
Начальный элемент ввода Ниёзӣ
Часть имени, кроме начального элемента ввода Ш. Н.
Расширение инициалов личного имени Шавкат Норович
Код отношения Автор
790 #1 - ИМЯ ЛИЦА - АЛЬТЕРНАТИВНАЯ ФОРМА
Связь между полями z01541
Начальный элемент ввода Ниязи
Часть имени, кроме начального элемента ввода Ш. Н.
Расширение инициалов личного имени Шавкат Норович
Код отношения Автор
852 ## - МЕСТОНАХОЖДЕНИЕ И ШИФР ХРАНЕНИЯ
Идентификатор организации NLR
Наименование фонда или коллекции (Sub-Location Identifier) ОНЛ
Шифр хранения (Call Number) Тадж./4-433
942 ## - ДОПОЛНИТЕЛЬНЫЕ ЭЛЕМЕНТЫ ЗАПИСИ (АБИС)
Тип экземпляра АБИС Книга
980 ## - КОЛЛЕКЦИЯ
Название коллекции Национальная библиография
Экземпляры
Тип экземпляра Дата поступления Источник поступления Библиотека постоянного хранения Библиотека текущего хранения Место хранения Шифр хранения Штрих-код Статус не для выдачи
Книга 18.08.2014 Обязательный экземпляр РНБ (Московский) РНБ (Московский) Фонд национальных литератур ОНЛ Тадж./4-433 1-382533